| 000 | 01152nam a22002775a 4500 | ||
|---|---|---|---|
| 003 | OSt | ||
| 005 | 20170410110021.0 | ||
| 008 | 170313s2003 ua frb 000 0 ara d | ||
| 015 | _a2003 / 9542 | ||
| 020 | _a9770441554 | ||
| 040 |
_aEG-ScBUE _bara _cEG-ScBUE |
||
| 043 |
_af-ua--- _ae-fr--- |
||
| 082 | 0 | 4 |
_a346.072 _bم ب ر _222 |
| 100 | 1 | _aمبروك، ممدوح علي. | |
| 245 | 1 | 2 |
_aالالتزام بصيانة الشئ المبيع : _bدراسة مقارنة بين القانون المدني المصري والفرنسي والفقه الإسلامي / _cممدوح محمد علي مبروك. |
| 260 |
_aالقاهرة : _bدار النهضة العربية، _c2003. |
||
| 300 |
_a169 ص. ؛ _c24 سم. |
||
| 504 | _aيشتمل على إرجاعات ببليوجرافية. | ||
| 650 | 7 |
_2BUEsh _aالبيع _xقوانين وتشريعات _zفرنسا. _941125 |
|
| 650 | 7 |
_2BUEsh _aالبيع _xقوانين وتشريعات _zمصر. _940965 |
|
| 650 | 7 |
_2BUEsh _aالقانون المدني المقارن. |
|
| 650 | 7 |
_2BUEsh _aالبيع (فقه إسلامي) |
|
| 651 | _2BUEsh | ||
| 653 |
_bLLAAWW _cApril2017 |
||
| 942 | _2ddc | ||
| 999 |
_c24637 _d24609 |
||